Welcome to WEB OPAC of MRSPTU Central Library

Technical analysis and applications with matlab (Record no. 5142)

MARC details
000 -LEADER
fixed length control field 00407nam a2200157Ia 4500
008 - FIXED-LENGTH DATA ELEMENTS--GENERAL INFORMATION
fixed length control field 230711s9999||||xx |||||||||||||| ||und||
041 ## - LANGUAGE CODE
Language code of text/sound track or separate title ENG
082 ## - DEWEY DECIMAL CLASSIFICATION NUMBER
Classification number 5.1
Item number ST-T
100 ## - MAIN ENTRY--PERSONAL NAME
Personal name Stanley,William D
245 #0 - TITLE STATEMENT
Title Technical analysis and applications with matlab
250 ## - EDITION STATEMENT
Edition statement 2nd Ed.
260 ## - PUBLICATION, DISTRIBUTION, ETC.
Date of publication, distribution, etc. 2008
Place of publication, distribution, etc. New Delhi
Name of publisher, distributor, etc. Thomson Delmar Learning
300 ## - PHYSICAL DESCRIPTION
Extent 494
650 ## - SUBJECT ADDED ENTRY--TOPICAL TERM
Topical term or geographic name entry element Computer Engineering
942 ## - ADDED ENTRY ELEMENTS (KOHA)
Koha item type Book
Holdings
Withdrawn status Lost status Damaged status Not for loan Collection Home library Current library Date acquired Total checkouts Full call number Barcode Date last seen Price effective from Koha item type Date last checked out
          MRSPTU Central Library MRSPTU Central Library     5.1 ST-T 19387 08/17/2023 08/17/2023 Book  
          MRSPTU Central Library MRSPTU Central Library   1 5.1 ST-T 19388 05/17/2024 08/17/2023 Book 04/12/2024
          MRSPTU Central Library MRSPTU Central Library     5.1 ST-T 19389 08/17/2023 08/17/2023 Book  

Website Designed and Developed by MRSPTU Central Library Team

E-mail Id: librarian@mrsptu.ac.in